000 01331nam a2200361 c 4500
003 BLK
005 20250502094743.0
008 180410b bul|||||r ||||||| ||bul||
010 _aKNG00154909000
020 _a978-619-161-034-1
_bиздат.: Персей
040 _aBLK
041 _aBUL
_cBUL
072 7 _2bullib
_aН8301
_xТрилъри Н
080 _aИрландска литература (на Ейре) на английски език (вж и 821.152.1)
_b821.111(417)
_x-312.4
_z821.111(417)-312.4
100 1 _aЕлис, Уолтър
_eпърви автор
_9330102
700 1 _aМинчев, Емил
_eпрев.
_9367268
139 _aЕлис, Уолтър
_bЕ 53
245 1 0 _aКонспирацията Караваджо
_bРоман
_cУолтър Елис; прев. Емил Минчев.
257 _aIRL
260 София
_bПерсей
_c2013
300 _a384 с.
_c20 см
380 _aX
500 _aОриг. загл. The Caravaggio Conspiracy / Walter Ellis.
653 _aтрилъри
653 _aромани
659 _aН
852 _aЦб 267706
856 4 _qpdf
_u
856 4 _qpdf
_u
942 _cKNG
_n0
_017
944 _aCR
_c27.12.2013
_lМартин Енчев
_k30575
944 _aED
_c10.12.2015
_lф /
_kЛюдмила_Стоянова
999 _c148684
_d148684